000 05025nkm0a2200517 4500
001 RU\NLR\BIBL_A\011233693
005 20260526153016.0
035 _a(NLR Aleph) 011233693
071 5 0 _a1
090 _a13713580
_c13713580
100 _a20161003d1917 u y0rusy50 ca
101 0 _arus
102 _aRU
116 _adiybxx zz ae
135 _acrcn 024anaba
200 1 _aОбстрел революционными войсками засады полицейских
_bИзоматериал
_eоткрытое письмо
210 _aПетроград
_cИздательство художественных открытых писем фотографа Я.В. Штейнберга
_d[1917]
_gТ-во Р. Голике и А. Вильборг
215 _a1 л.
_cфототип.
_d9,1х14,1
300 _aФотография тиражировалась также на открытках, отпечатанных на фотобумаге: Обстрел засады : [открытка]. СПБ [Санкт-Петербург] : фотограф Якоб Штейнберг, [1917]
301 _aИзд. номер: 1
325 1 _aКопия доступна в электронной библиотеке РНБ
327 0 _aГруппа вооруженных людей, часть из которых с нарукавными повязками милиционеров (с аббревиатурой "Г. М."), на Технологической площади перед Технологическим институтом в Петрограде
540 1 _aГражданская милиция
540 1 _aГородская милиция
606 1 _aПочтовые открытки маркированные художественные
_yРоссия
_z1895 - 1917
_92195710
_3RU\NLR\AUTH\6601555036
606 1 _aФотографические открытки
_92151039
_3RU\NLR\AUTH\661600135
606 1 _aФевральская буржуазно-демократическая революция
_jОткрытки
_z1917
_91371335
_3RU\NLR\AUTH\66260730
607 _aПетроград, город
_jОткрытки
_92273874
_3RU\NLR\AUTH\661362774
610 1 _aМилиционеры
686 0 _aЩ153(2Р=Рус)53-489
702 1 _4600
_aШтейнберг
_bЯ. В.
_f1880-1942
_gЯков Владимирович
_9164734
_3RU\NLR\AUTH\770164778
712 0 0 _4650
_aШтейнберг,
_cПетроград
_gЯков Владимирович,
_hиздательство художественных открытых писем
_9540819
_3RU\NLR\AUTH\880438280
712 0 2 _4610
_a"Голике, Р. и Вильборг, А.", товарищество
_cПетербург
_9328916
_3RU\NLR\AUTH\8810222039
830 _a"Городская милиция" - источник сведений: Всенародные похороны жертв павших за свободу 23-го марта 1917 г. в Петрограде. Городская милиция : [открытка]. - Петроград : Фотопеч. А.И. Центер, [1917] (экз. РНБ на шифре Э ОИр655/133, Эм49360). А.Я. ОЭст
830 _a"Гражданская милиция" - источник сведений: Гражданская милиция в России в 1917 году : (историко-правовой аспект) : автореф. дис. на соиск. учен. степ. к.ю.н. : спец. 12.00.01 / Милованова Лада Вячеславовна; [Моск. ун-т МВД России]. - Москва, 2004. https://vivaldi.nlr.ru/bd000020272/view#page=1 (23.09.2016). О милиции в 1917 г. см. также: Становление и деятельность милиции Петрограда и Петроградской губернии в период революции и гражданской войны в России. (февраль 1917-1920 гг.) (историко-правовое исследование) : Автореф. дис. на соиск. учен. степ. д.ю.н. : Спец. 12.00.01 / Гутман Матвей Юрьевич; С.-петерб. ун-т. - СПб, 2002. https://vivaldi.nlr.ru/bd000105965/view#page=1 (23.09.2016). А.Я. ОЭст
852 0 0 _aNLR
_bЭ
_jОИр655/32
_mинв.198537
856 0 _uhttp://vivaldi.nlr.ru/lo000071249/view
856 1 _uhttp://vivaldi.nlr.ru/lo000071249/cover
856 2 _uhttp://vivaldi.nlr.ru/lo000071249/text
901 _eИзографические материалы
942 _cVISUAL
980 _aNB
981 4 2 _a(42) 1917: от Февраля к Октябрю
_b(42) Изографические материалы 1917 года
981 1 7 _a(17) Изографические материалы
_b(17) Открытки